Ako je to s dĺžkou života?

Podrobná bibliografia
Hlavný autor: Kolesár, Juraj, 1924-2004 (Autor)
Médium: Článok
Jazyk:slovenčina
Predmet:

MARC

LEADER 00000nab a2200000 a 4500
001 vtls000524845
003 SK-MaSNL
005 20260426072642.0
008 220422c1994 xo 0 slo
015 |a SNBRB19rr/mm-uuuuu 
035 |a CL0524983 
040 |a SNKBUCL  |b slo  |c SNKBUCL  |e AACR2 
041 0 |a slo 
044 |a xo  |c SK 
080 |a 312.98(437.6):613  |2 1981 
080 |a 613  |2 1981 
100 1 |a Kolesár, Juraj,  |d 1924-2004  |4 aut  |9 151118 
245 1 0 |a Ako je to s dĺžkou života?  |c Juraj Kolesár 
650 0 7 |a dĺžka života priemerná  |2 snkbucl  |9 1329363 
651 7 |a Slovensko  |2 snkbucl  |9 14231 
651 7 |a Európa  |2 snkbucl  |9 167569 
655 7 |a články z novín a časopisov  |2 snkbucl  |9 267496 
773 0 |t Nové slovo bez rešpektu  |g Roč. 4, č. 33 (1994), s. 4 
850 |a Slovenská národná knižnica v Martine  |a MTA001 
852 |a SNK  |b KIS3GCP 
958 |a RK 
958 |a ME 
992 |a RBX 
999 |c 2690813  |d 2692743